Pays de l'Union européenne - Mort subite - Statistiques

Statistiques générales
  • Ce quiz a été pris 1 086 fois
    331 depuis la dernière actualisation
  • Le résultat moyen est 11 sur 27
Answers on the Grid
Answers color-coded by a green-red scale on the quiz's grid according to % correct below.
Allemagne
Autriche
Belgique
Bulgarie
Chypre
Danemark
Espagne
Croatie
Estonie
Finlande
France
Grèce
Hongrie
Irlande
Italie
Lettonie
Lituanie
Luxembourg
Malte
Pays-Bas
Pologne
Portugal
Roumanie
Slovaquie
Slovénie
Suède
Tchéquie
Albanie
Andorre
Arménie
Azerbaïdjan
Bélarus
Bosnie-Herzégovine
Vatican
Géorgie
Islande
Kazakhstan
Liechtenstein
Macédoine du Nord
Moldavie
Monténégro
Norvège
Royaume-Uni
Russie
Saint-Marin
Serbie
Suisse
Turquie
Ukraine
Israël
Canada
États-Unis
 
Statistiques - réponses
Réponse % Correct
Allemagne
58%
Italie
58%
Espagne
53%
Pays-Bas
51%
Belgique
50%
Portugal
50%
Grèce
48%
France
47%
Autriche
46%
Pologne
46%
Luxembourg
44%
Danemark
42%
Croatie
41%
Suède
41%
Estonie
39%
Hongrie
39%
Lettonie
39%
Slovénie
39%
Roumanie
38%
Irlande
37%
Lituanie
35%
Malte
35%
Finlande
34%
Slovaquie
34%
Tchéquie
31%
Bulgarie
30%
Chypre
30%
Aucun quiz correspondant
Distribution des résultats
% des personnes avec chaque résultat
Percentile par nombre de réponses
Votre historique - résultats
Vous n’avez pas pris ce quiz depuis la dernière actualisation